Eagles - Statistics

General Stats
  • This quiz has been taken 11 times
  • The average score is 10 of 24
Answer Stats
Hint Answer % Correct
1 Hotel California
100%
2 Take It Easy
89%
14 New Kid In Town
78%
9 Desperado
67%
5 Life In the Fast Lane
67%
3 Peaceful Easy Feeling
56%
6 Take It to the Limit
56%
15 Witchy Woman
56%
4 Lyin' Eyes
44%
17 Seven Bridges Road
44%
13 The Long Run
44%
12 Already Gone
33%
11 Heartache Tonight
33%
7 One of These Nights
33%
18 Victim of Love
33%
20 Wasted Time
33%
16 I Can't Tell You Why
22%
8 Tequila Sunrise
22%
10 The Best of My Love
22%
23 The Last Resort
22%
24 Try and Love Again
22%
22 After the Thrill Is Gone
11%
19 In the City
11%
21 Love Will Keep Us Alive
0%
No matching quizzes found
Score Distribution
Percent of People with Each Score
Percentile by Number Answered
Your Score History
You have not taken this quiz